000 00405nam a2200169Ia 4500
003 OSt
005 20240702163618.0
008 170619s9999 xx 000 0 und d
020 _a978-0071492478
040 _cIIMT ENGINEERING COLLEGE
100 _aPetersen Richard L
245 4 _aThe Complete Reference LINUX
260 _bNew Delhi: TMH
260 _c2003
546 _aENGLISH
942 _2ddc
_c02
999 _c16917
_d16917